The Mortal Instruments - relationships - Statistics

General Stats
  • This quiz has been taken 651 times
    650 since last reset
  • The average score is 9 of 12
Answer Stats
Hint Answer % Correct
Clary Fray Jace Herondale
99%
Alec Lightwood Magnus Bane
99%
Isabelle Lightwood Simon Lewis
95%
Clary Fray's Ex Simon Lewis
95%
Luke Garroway Jocelyn Fray
89%
Valentine Morgenstern's Ex Jocelyn Fray
89%
Maryse Lightwood Robert Lightwood
76%
Simon Lewis's Ex Maia Roberts
68%
Maia Roberts Jordan Kyle
64%
Isabelle Lightwood's Ex Meliorn
64%
Aline Penhallow Helen Blackthorn
56%
Magnus Bane's Ex Camille Belcourt
49%
No matching quizzes found
Score Distribution
Percent of People with Each Score
Percentile by Number Answered
Your Score History
You have not taken this quiz since the last reset